000 01426cam a22003374i 4500
003 PE-LiUPU
005 20250731175630.0
008 150623s r 000 0 d
035 _a(Sirsi) a28806
040 _aPE-LiUPU
_bspa
_cPE-LiUPU
_erda
082 0 4 _a415.1365
_bS82
_221
100 1 _aStockwell, Robert P.,
_eautor.
245 1 0 _aFundamentos de Teoría Sintáctica.
264 1 _aMadrid :
_bGredos,
_c1977.
300 _a316 páginas :
_bilustraciones ;
_c19.5 cm.
336 _atext
_2rdacontent
337 _aunmediated
_2rdamedia
338 _avolume
_2rdacarrier
505 0 _aOrientación y objetivos. -Las categorías sintácticas. -La información sintáctica supeficial. -La estructura de constituyentes. -Los tipos de reglas sintácticas. -Las funciones comunicativas de las reglas sintácticas. -Los datos de la sintáxis. -Sugerencias sobre lecturas complementarias.
526 _aP145
526 _aP127
526 _aP97
526 _aP35
526 _aP14
526 _aP07
942 _2ddc
_cBOOK
949 _a415.1365 S82
_wDEWEY
_c1
_i32971
_lCCODEBUL1
_mBUL
_p00.00
_r0
_sY
_tBOOK
_u2015-06-24
_xBIBLIOTECA
_zUNKNOWN
_0COMPRA
_o.STAFF. Colección General
596 _a1
999 _a415.1365 S82
_wDEWEY
_c36095
_i32971
_f2021-11-5
_g5
_lCCODEBUL1
_mBUL
_r0
_sN
_tBOOK
_u2015-6-24
_xBIBLIOTECA
_zUNKNOWN
_0COMPRA
_o.STAFF. Colección General
_d36095
980 _81
_gALBERTO SANCHEZ Responsable de Automatización